Statistiken für Länder in einem Streifen der Weltkarte

Klicken Sie hier um das Quiz zu spielen!

Allgemein

  • Dieses Quiz wurde 992 mal gespielt
  • Das Durchschnittsergebnis liegt bei 37 aus 41

Antwortstatistiken

Land % Korrekt
Russland
100%
Iran
99%
Ägypten
99%
Saudi-Arabien
99%
Südafrika
99%
Türkei
99%
Irak
98%
Israel
98%
Ukraine
97%
Jemen
96%
Syrien
96%
Demokratische Republik Kongo
95%
Sudan
95%
Kasachstan
94%
Georgien
94%
Somalia
94%
Kenia
93%
Jordanien
93%
Aserbaidschan
92%
Südsudan
92%
Äthiopien
92%
Lesotho
91%
Zypern
91%
Armenien
90%
Tansania
90%
Eritrea
89%
Swasiland
88%
Uganda
88%
Mosambik
87%
Libanon
87%
Botswana
86%
Ruanda
85%
Simbabwe
84%
Kuwait
83%
Sambia
83%
Namibia
82%
Dschibuti
81%
Malawi
81%
Angola
81%
Burundi
80%
Zentralafrikanische Republik
79%

Verteilung der Resultate

Perzentil nach korrekt beantworteten Fragen

Anzahl Personen mit jedem Resultat

Ihre Resultats-Entwicklung

Sie haben dieses Quiz noch nicht gespielt